Statistiken für Hundearten bestimmen

Klicken Sie hier um das Quiz zu spielen!

Allgemein

  • Dieses Quiz wurde 31 mal gespielt
    (16 seit der letzten Aktualisierung)
  • Das Durchschnittsergebnis liegt bei 3 aus 33

Antwortstatistiken

Antwort% Korrekt
Wolf
80%
Rotfuchs
53%
Fennek
33%
Kojote
27%
Eisfuchs
20%
Marderhund
20%
Afrikanischer Wildhund
13%
Mähnenwolf
13%
Goldschakal
7%
Graufuchs
7%
Schabrackenschakal
7%
Streifenschakal
7%
Afghanfuchs
0%
Afrikanischer Goldwolf
0%
Andenschakal
0%
Argentinischer Kampfuchs
0%
Äthiopischer Wolf
0%
Bengalfuchs
0%
Brasilianischer Kampfuchs
0%
Darwin-Fuchs
0%
Insel-Graufuchs
0%
Kapfuchs
0%
Kitfuchs
0%
Kurzohrfuchs
0%
Löffelhund
0%
Maikong
0%
Pampasfuchs
0%
Rothund
0%
Sandfuchs
0%
Sechurafuchs
0%
Steppenfuchs
0%
Swiftfuchs
0%
Waldhund
0%

Verteilung der Resultate

Perzentil nach korrekt beantworteten Fragen

Anzahl Personen mit jedem Resultat

Ihre Resultats-Entwicklung

Sie haben dieses Quiz seit der letzten Aktualisierung nicht gespielt